000 02481cam a2200409 a 4500
001 10230364
003 OSt
005 20180116183019.0
006 m u
007 cr cn|||||||||
008 100729s2011 flua sb 001 0 eng d
010 _z 2010032097
020 _z9781604270402 (hbk. alk. paper)
020 _z9788131522035
020 _z9781604276947 (e-book)
035 _a(CaPaEBR)ebr10520050
035 _a(NNC)10230364
040 _aCaPaEBR
_cCaPaEBR
050 1 4 _aHD69.P75
_bM69 2011eb
082 0 4 _a658.404 MOU 2012
_222
100 1 _aMoustafaev, Jamal,
_d1973-
245 1 0 _aDelivering exceptional project results
_h[electronic resource] :
_ba practical guide to project selection, scoping, estimation and management /
_cJamal Moustafaev.
260 _aFort Lauderdale, Fla. :
_bJ. Ross Pub.,
_cc2011.
300 _axx, 296 p. :
_bill.
440 _aDelivering exceptional project results
504 _aIncludes bibliographical references and index.
505 0 _aIntroduction -- What is project management, and do you really need it? -- Things you probably didn't know about estimation -- Are we supposed to negotiate on projects? -- How and why do we write project charters? -- Kick-starting your projects--the scope definition perspective -- Defining the detailed scope : how and where do you find requirements? -- Who needs creativity in projects and how do you cultivate it? -- How do you incorporate scope definition into project management? -- How do you write a great project plan? -- How do you troubleshoot scope problems? -- Who needs walkthroughs, inspections, and peer reviews? -- Why should you manage scope and customer expectations? -- Why invest time and effort in the lessons learned document? -- How do you select the best projects? -- How and why do you need to maximize portfolio value? -- How and why do you need to balance your project mix? -- How and why do you need to link portfolio to strategy? -- How do you implement it all?.
533 _aElectronic reproduction.
_bPalo Alto, Calif. :
_cebrary,
_d2012.
_nAvailable via World Wide Web.
_nAccess may be limited to ebrary affiliated libraries.
600 _aMoustafaev, Jamal,
650 0 _aProject management.
655 7 _aElectronic books.
_2local
700 _aMoustafaev, Jamal,
710 2 _aebrary, Inc.
856 4 0 _uhttp://www.columbia.edu/cgi-bin/cul/resolve?clio10230364
_zClick here for full text.
942 _2ddc
_cBK
999 _c350491
_d350491